[Event "X Memorial Pedro Lezcano Montalvo 2017"]
[Site "Ateneo Mpal. de Vecindario-C/Colón, s/n (Gran Canaria)"]
[Date "2017.04.08"]
[Round "1"]
[White "Del Rio De Angelis, Salvador G"]
[Black "Sanchez Montesdeoca, Isaac"]
[Result "1-0"]
[WhiteElo "2524"]
[BlackElo "1726"]
[EventDate "2017.04.08"]
[Board "1"]
[PlyCount "41"]
[EventRounds "9"]
[EventCountry "ESP"]

1. d4 e6 2. c4 b6 3. a3 Bb7 4. d5 exd5 5. cxd5 Nf6 6. Nc3 Bd6 7. g3 Qe7 8.
Bg2 c6 9. Nh3 Na6 10. O-O h5 11. Bg5 O-O-O 12. b4 Kb8 13. Rc1 h4 14. Rc2
hxg3 15. hxg3 Ka8 16. b5 Nc5 17. dxc6 dxc6 18. bxc6 Bxg3 19. cxb7+ Kb8 20.
fxg3 Ne6 21. Nd5 1-0

[Event "X Memorial Pedro Lezcano Montalvo 2017"]
[Site "Ateneo Mpal. de Vecindario-C/Colón, s/n (Gran Canaria)"]
[Date "2017.04.08"]
[Round "1"]
[White "Fernandez De La Hoz A., Carlos"]
[Black "Kurajica, Bojan"]
[Result "0-1"]
[WhiteElo "1719"]
[BlackElo "2517"]
[EventDate "2017.04.08"]
[Board "2"]
[PlyCount "52"]
[EventRounds "9"]
[EventCountry "ESP"]

1. d4 Nf6 2. e3 g6 3. Bd3 c5 4. c3 d5 5. Nf3 Bg7 6. O-O Qc7 7. Nbd2 O-O 8.
Qe2 e6 9. dxc5 Qxc5 10. Nb3 Qe7 11. Nfd2 Nc6 12. e4 e5 13. exd5 Nxd5 14.
Bc2 f5 15. Nf3 Kh8 16. Bg5 Qf7 17. Qd2 f4 18. Rad1 Nb6 19. Nh4 Bg4 20. f3
Nc4 21. Qc1 Bc8 22. Rde1 Ne3 23. Rxe3 fxe3 24. Qxe3 Ne7 25. g4 Bxg4 26.
Bxe7 Qxe7 0-1

[Event "X Memorial Pedro Lezcano Montalvo 2017"]
[Site "Ateneo Mpal. de Vecindario-C/Colón, s/n (Gran Canaria)"]
[Date "2017.04.08"]
[Round "1"]
[White "Larino Nieto, David"]
[Black "Jess, Geralf"]
[Result "1-0"]
[WhiteElo "2491"]
[BlackElo "1717"]
[EventDate "2017.04.08"]
[Board "3"]
[PlyCount "75"]
[EventRounds "9"]
[EventCountry "ESP"]

1. b3 d5 2. Bb2 Nc6 3. d4 Nf6 4. e3 Bf5 5. Bd3 Qd7 6. a3 Bxd3 7. cxd3 Qg4
8. Qxg4 Nxg4 9. Nf3 e6 10. Ke2 g6 11. Rc1 Bg7 12. Nbd2 Kd7 13. Rc2 Rac8 14.
Rac1 f6 15. b4 a6 16. Nb3 Bf8 17. e4 Nh6 18. Nc5+ Bxc5 19. Rxc5 Ne7 20. e5
Rhf8 21. exf6 Rxf6 22. Ng5 Rf5 23. h4 Nhg8 24. g4 Rf4 25. Rxc7+ Rxc7 26.
Rxc7+ Kd6 27. Rxb7 h6 28. Nf3 Kc6 29. Ra7 Kb6 30. Rd7 Rxg4 31. a4 Nf5 32.
a5+ Kb5 33. Rb7+ Ka4 34. b5 Nge7 35. Ne5 Rxh4 36. bxa6 Nc8 37. Nc6 Nfd6 38.
Rb4# 1-0

[Event "X Memorial Pedro Lezcano Montalvo 2017"]
[Site "Ateneo Mpal. de Vecindario-C/Colón, s/n (Gran Canaria)"]
[Date "2017.04.08"]
[Round "1"]
[White "Grube, Kurt"]
[Black "Movsziszian, Karen"]
[Result "0-1"]
[WhiteElo "1712"]
[BlackElo "2483"]
[EventDate "2017.04.08"]
[Board "4"]
[PlyCount "68"]
[EventRounds "9"]
[EventCountry "ESP"]

1. c4 g6 2. Nc3 Bg7 3. Nf3 d6 4. d4 Nd7 5. g3 e5 6. Bg2 Ngf6 7. O-O O-O 8.
Re1 c6 9. dxe5 dxe5 10. Qc2 Qe7 11. e4 Nc5 12. b4 Ne6 13. Rb1 Re8 14. a3
Nd4 15. Nxd4 exd4 16. Na4 Be6 17. Nc5 Rad8 18. Nd3 Nd7 19. c5 Ne5 20. f4
Nxd3 21. Qxd3 b6 22. cxb6 axb6 23. Bd2 c5 24. bxc5 bxc5 25. Qb5 Qa7 26.
Rbc1 c4 27. Bb4 d3+ 28. Kh1 Rb8 29. Qa5 Qxa5 30. Bxa5 Bb2 31. Rcd1 c3 32.
Rxd3 c2 33. Bd2 Red8 34. Bf1 Bc4 0-1

[Event "X Memorial Pedro Lezcano Montalvo 2017"]
[Site "Ateneo Mpal. de Vecindario-C/Colón, s/n (Gran Canaria)"]
[Date "2017.04.08"]
[Round "1"]
[White "Castellanos Rodriguez, Renier"]
[Black "Guillermo Gonzalez, Alvaro"]
[Result "1-0"]
[WhiteElo "2482"]
[BlackElo "1702"]
[EventDate "2017.04.08"]
[Board "5"]
[PlyCount "81"]
[EventRounds "9"]
[EventCountry "ESP"]

1. e4 c5 2. Nf3 d6 3. Bc4 e6 4. O-O Nf6 5. Re1 Be7 6. c3 d5 7. Bb5+ Nc6 8.
exd5 exd5 9. Ne5 Qc7 10. Qa4 Bd7 11. Nxd7 Qxd7 12. d3 a6 13. Bxc6 Qxc6 14.
Qxc6+ bxc6 15. c4 Kd7 16. Nc3 Rhe8 17. Bg5 Ng8 18. Bd2 Nf6 19. Na4 Rab8 20.
b3 d4 21. Ba5 Kd6 22. Re2 Bd8 23. Rxe8 Nxe8 24. Bd2 g5 25. f4 h6 26. Re1
Ng7 27. g4 Rb7 28. f5 Bb6 29. h4 f6 30. Kf2 Ba7 31. Rh1 Ne8 32. hxg5 hxg5
33. Rh6 Ke5 34. Kf3 Re7 35. Nb2 Nd6 36. Nd1 Nf7 37. Rg6 Nh8 38. Rg8 Nf7 39.
Be1 Kd6 40. Bg3+ Ne5+ 41. Ke4 1-0

[Event "X Memorial Pedro Lezcano Montalvo 2017"]
[Site "Ateneo Mpal. de Vecindario-C/Colón, s/n (Gran Canaria)"]
[Date "2017.04.08"]
[Round "1"]
[White "Sanchez Ramirez, Gustavo"]
[Black "Alvarado Diaz, Alejandro"]
[Result "0-1"]
[WhiteElo "1700"]
[BlackElo "2415"]
[EventDate "2017.04.08"]
[Board "6"]
[PlyCount "60"]
[EventRounds "9"]
[EventCountry "ESP"]

1. c4 g6 2. d4 Bg7 3. e4 c5 4. d5 d6 5. f4 e6 6. Nf3 Ne7 7. Be2 O-O 8. O-O
exd5 9. cxd5 Na6 10. Nc3 Bd7 11. e5 Bf5 12. exd6 Qxd6 13. Bc4 Nc7 14. Qb3
Bxc3 15. bxc3 b5 16. Be2 Nexd5 17. Nh4 c4 18. Qb2 Qf6 19. Nxf5 Qxf5 20. g4
Qf6 21. Bf3 Rab8 22. Bxd5 Nxd5 23. Rf3 Rfe8 24. Qf2 b4 25. g5 Qb6 26. cxb4
Re1+ 27. Kg2 Rbe8 28. Qxb6 axb6 29. Bb2 R1e2+ 30. Rf2 Nxf4+ 0-1

[Event "X Memorial Pedro Lezcano Montalvo 2017"]
[Site "Ateneo Mpal. de Vecindario-C/Colón, s/n (Gran Canaria)"]
[Date "2017.04.08"]
[Round "1"]
[White "Aguera Naredo, Javier"]
[Black "Sanabria Taskila, Daniel Krist"]
[Result "1-0"]
[WhiteElo "2354"]
[BlackElo "1694"]
[EventDate "2017.04.08"]
[Board "7"]
[PlyCount "54"]
[EventRounds "9"]
[EventCountry "ESP"]

1. e4 c6 2. d4 d5 3. Nd2 dxe4 4. Nxe4 Bf5 5. Ng3 Bg6 6. h4 h6 7. Nf3 Nd7 8.
h5 Bh7 9. Bd3 Bxd3 10. Qxd3 Ngf6 11. Bf4 Qa5+ 12. Bd2 Qb6 13. O-O-O e6 14.
Ne4 Be7 15. Nxf6+ Bxf6 16. c4 O-O-O 17. Kb1 Rhe8 18. Qc2 c5 19. Be3 Kb8 20.
d5 Ne5 21. Bf4 exd5 22. Rhe1 Qc7 23. cxd5 Kc8 24. Bxe5 Bxe5 25. Qf5+ Qd7
26. Qxd7+ Rxd7 27. Nxe5 Rdd8 1-0

[Event "X Memorial Pedro Lezcano Montalvo 2017"]
[Site "Ateneo Mpal. de Vecindario-C/Colón, s/n (Gran Canaria)"]
[Date "2017.04.08"]
[Round "1"]
[White "Guerra Aleman, Marcial"]
[Black "Derakhshani, Dorsa"]
[Result "0-1"]
[WhiteElo "1674"]
[BlackElo "2351"]
[EventDate "2017.04.08"]
[Board "8"]
[PlyCount "85"]
[EventRounds "9"]
[EventCountry "ESP"]

1. d4 Nf6 2. Nf3 e6 3. e3 c5 4. Bd3 Nc6 5. O-O d5 6. c3 Bd6 7. Nbd2 e5 8.
dxe5 Nxe5 9. Nxe5 Bxe5 10. Bb5+ Bd7 11. Qa4 O-O 12. Bxd7 Nxd7 13. Nf3 Re8
14. Nxe5 Nxe5 15. Qf4 Nd3 16. Qg3 Qf6 17. Rd1 c4 18. Bd2 Re5 19. f4 Re4 20.
b4 cxb3 21. axb3 Qb6 22. Rab1 Rae8 23. Kf1 Qa6 24. Kg1 Qa2 25. b4 Qc2 26.
Qf3 Nb2 27. Rbc1 Qd3 28. Qf1 Rxe3 29. Bxe3 Qxe3+ 30. Kh1 Nxd1 31. Rxd1 Qxc3
32. b5 h6 33. h3 d4 34. Kh2 Qe3 35. Rd3 Qe4 36. Qf3 Qxf3 37. gxf3 Re2+ 38.
Kg3 Rb2 39. Rxd4 Rxb5 40. Rd8+ Kh7 41. Kf2 Kg6 42. Ke3 a5 43. Kd4 0-1

[Event "X Memorial Pedro Lezcano Montalvo 2017"]
[Site "Ateneo Mpal. de Vecindario-C/Colón, s/n (Gran Canaria)"]
[Date "2017.04.08"]
[Round "1"]
[White "Gutierrez Olivares, Daniel"]
[Black "Fuentes Perez, Noe"]
[Result "1-0"]
[WhiteElo "2336"]
[BlackElo "1660"]
[EventDate "2017.04.08"]
[Board "9"]
[PlyCount "39"]
[EventRounds "9"]
[EventCountry "ESP"]

1. c4 c5 2. Nc3 Nc6 3. g3 g6 4. Bg2 Bg7 5. a3 e6 6. Rb1 Nge7 7. b4 d6 8. e3
Rb8 9. Nge2 O-O 10. O-O b6 11. d3 Bb7 12. Qc2 d5 13. cxd5 exd5 14. bxc5 d4
15. Ne4 dxe3 16. fxe3 Ba6 17. Rd1 Ne5 18. d4 Nc4 19. N2c3 Nf5 20. Qf2 1-0

[Event "X Memorial Pedro Lezcano Montalvo 2017"]
[Site "Ateneo Mpal. de Vecindario-C/Colón, s/n (Gran Canaria)"]
[Date "2017.04.08"]
[Round "1"]
[White "Jablanovic, Sasa"]
[Black "Debray, Christopher"]
[Result "0-1"]
[WhiteElo "1657"]
[BlackElo "2328"]
[EventDate "2017.04.08"]
[Board "10"]
[PlyCount "68"]
[EventRounds "9"]
[EventCountry "ESP"]

1. e4 c5 2. Nf3 g6 3. Nc3 Bg7 4. Bc4 d6 5. O-O Nc6 6. a3 Nf6 7. d3 O-O 8.
h3 Ne8 9. Ne2 Nc7 10. c3 d5 11. exd5 Nxd5 12. Bg5 h6 13. Be3 Nxe3 14. fxe3
e5 15. d4 Qe7 16. d5 e4 17. dxc6 exf3 18. Rxf3 bxc6 19. Qf1 Bf5 20. Ng3 Be6
21. Rd1 Rad8 22. Bxe6 Qxe6 23. Rxd8 Rxd8 24. Qe2 h5 25. Nf1 Bh6 26. e4 f5
27. Ng3 Rd2 28. Qf1 h4 29. Nh1 fxe4 30. Rf6 Be3+ 31. Rf2 Bxf2+ 32. Nxf2 e3
33. Ng4 e2 34. Nh6+ Kg7 0-1

[Event "X Memorial Pedro Lezcano Montalvo 2017"]
[Site "Ateneo Mpal. de Vecindario-C/Colón, s/n (Gran Canaria)"]
[Date "2017.04.08"]
[Round "1"]
[White "De Leon Navarro, Claudio"]
[Black "Robin, Samy"]
[Result "0-1"]
[WhiteElo "1627"]
[BlackElo "2285"]
[EventDate "2017.04.08"]
[Board "11"]
[PlyCount "108"]
[EventRounds "9"]
[EventCountry "ESP"]

1. e4 g6 2. d4 Bg7 3. Nc3 e6 4. Be3 Ne7 5. Qd2 d5 6. f3 c5 7. Bb5+ Bd7 8.
Bxd7+ Qxd7 9. Nge2 cxd4 10. Bxd4 e5 11. Bc5 d4 12. Bxe7 dxc3 13. Qxd7+ Nxd7
14. Ba3 cxb2 15. Bxb2 Nb6 16. O-O-O O-O 17. Nc3 Rfd8 18. Nd5 Nxd5 19. Rxd5
Rxd5 20. exd5 f6 21. Rd1 Kf7 22. Kd2 Rd8 23. c4 Bf8 24. Kc3 Bc5 25. Kd3 Rd6
26. g4 Ra6 27. Ra1 Ra4 28. a3 a6 29. Ra2 b5 30. cxb5 axb5 31. Ra1 Ke7 32.
Ke2 Kd6 33. Rd1 Bxa3 34. Bxa3+ Rxa3 35. Rb1 Ra5 36. Rd1 Ra2+ 37. Ke3 Rxh2
38. Rb1 Kc5 39. d6 Kxd6 40. Rxb5 Rc2 41. Rb6+ Rc6 42. Rb7 Rc7 43. Rb6+ Ke7
44. Rb2 Kf7 45. Ke4 Kg7 46. Rd2 Kh6 47. Rh2+ Kg5 48. Rh1 Ra7 49. Rh2 h6 50.
Rh3 Ra4+ 51. Ke3 e4 52. f4+ Kxg4 53. Rxh6 Kf5 54. Rh4 Ra3+ 0-1

[Event "X Memorial Pedro Lezcano Montalvo 2017"]
[Site "Ateneo Mpal. de Vecindario-C/Colón, s/n (Gran Canaria)"]
[Date "2017.04.08"]
[Round "1"]
[White "Garcia Blanco, Omar"]
[Black "Santana Benitez, Romen"]
[Result "1/2-1/2"]
[WhiteElo "2269"]
[BlackElo "1601"]
[EventDate "2017.04.08"]
[Board "12"]
[PlyCount "129"]
[EventRounds "9"]
[EventCountry "ESP"]

1. e4 d5 2. exd5 Nf6 3. c4 c6 4. d4 cxd5 5. Nc3 e6 6. Nf3 Be7 7. cxd5 Nxd5
8. Bd3 b6 9. O-O Bb7 10. Bb5+ Bc6 11. Bxc6+ Nxc6 12. Qa4 Qd7 13. Bd2 Nxc3
14. Bxc3 O-O 15. Rad1 Qd5 16. Ne5 b5 17. Nxc6 Qxc6 18. Qb3 Rfd8 19. a3 a5
20. Rfe1 b4 21. d5 Rxd5 22. Rxd5 Qxd5 23. Qxd5 exd5 24. Rxe7 bxc3 25. bxc3
Kf8 26. Rc7 Rb8 27. Kf1 Rb3 28. a4 Ra3 29. Rc5 Rxa4 30. Rxd5 Rc4 31. Rxa5
Rxc3 32. g3 g6 33. Kg2 Kg7 34. Re5 Ra3 35. h4 h5 36. Re4 Kh6 37. Rf4 f5 38.
Rb4 Rd3 39. Kf1 Rd2 40. Kg2 Rd3 41. Rb2 Rc3 42. Ra2 Rd3 43. Kf1 Rb3 44. Ra4
Rb2 45. Ra3 Rc2 46. Kg2 Rc4 47. Kf3 Rb4 48. Ke3 Re4+ 49. Kf3 Rc4 50. Ra7
Rc3+ 51. Kf4 Rc2 52. f3 Rc4+ 53. Ke5 Rc3 54. Kf6 Rc6+ 55. Kf7 Rb6 56. Re7
Kh7 57. f4 Ra6 58. Re6 Ra7+ 59. Kf6 Kh6 60. Re8 Ra6+ 61. Kf7 Ra7+ 62. Kf8
Rb7 63. Re7 Rb8+ 64. Kf7 Rb6 65. Re6 1/2-1/2

[Event "X Memorial Pedro Lezcano Montalvo 2017"]
[Site "Ateneo Mpal. de Vecindario-C/Colón, s/n (Gran Canaria)"]
[Date "2017.04.09"]
[Round "2"]
[White "Mendez Acosta, Alexander Jesus"]
[Black "Del Rio De Angelis, Salvador G"]
[Result "0-1"]
[WhiteElo "1931"]
[BlackElo "2524"]
[EventDate "2017.04.08"]
[Board "1"]
[PlyCount "70"]
[EventRounds "9"]
[EventCountry "ESP"]

1. Nf3 d5 2. c4 e6 3. e3 Nf6 4. b3 b6 5. Bb2 Bb7 6. Be2 Nbd7 7. Qc2 c5 8.
O-O Bd6 9. Nc3 O-O 10. d4 Rc8 11. Rac1 dxc4 12. bxc4 cxd4 13. exd4 Bxf3 14.
Bxf3 Rxc4 15. Qd3 Rc8 16. Nb5 Rxc1 17. Rxc1 Bf4 18. Rd1 a6 19. Na3 b5 20.
Nc2 Nb6 21. g3 Bd6 22. Ba3 Nc4 23. Bxd6 Qxd6 24. Qb3 Rc8 25. Nb4 Qb6 26. d5
e5 27. Nc6 Qc5 28. Qd3 Qd6 29. Qf5 Re8 30. h4 g6 31. Qg5 e4 32. Be2 e3 33.
f3 Nd2 34. Nd4 Re5 35. Qf4 Nxd5 0-1

[Event "X Memorial Pedro Lezcano Montalvo 2017"]
[Site "Ateneo Mpal. de Vecindario-C/Colón, s/n (Gran Canaria)"]
[Date "2017.04.09"]
[Round "2"]
[White "Kurajica, Bojan"]
[Black "Cruz Ramirez, Nauzet"]
[Result "1-0"]
[WhiteElo "2517"]
[BlackElo "1957"]
[EventDate "2017.04.08"]
[Board "2"]
[PlyCount "65"]
[EventRounds "9"]
[EventCountry "ESP"]

1. Nf3 Nf6 2. c4 c5 3. Nc3 e6 4. g3 b6 5. e4 Bb7 6. Qe2 d6 7. d4 cxd4 8.
Nxd4 a6 9. Bg2 Nbd7 10. b3 Qc7 11. Bb2 Be7 12. O-O O-O 13. Rad1 Rfe8 14. f4
Bf8 15. Kh1 h6 16. Nf3 Rad8 17. Nd2 Qc5 18. g4 b5 19. cxb5 axb5 20. Nxb5
Ba6 21. a4 Bxb5 22. axb5 Rb8 23. e5 Nd5 24. exd6 Qxb5 25. Qf3 Bxd6 26. g5
h5 27. f5 Ne5 28. Bxe5 Bxe5 29. fxe6 fxe6 30. Qf7+ Kh8 31. Qxh5+ Kg8 32.
Qf7+ Kh8 33. Nc4 1-0

[Event "X Memorial Pedro Lezcano Montalvo 2017"]
[Site "Ateneo Mpal. de Vecindario-C/Colón, s/n (Gran Canaria)"]
[Date "2017.04.09"]
[Round "2"]
[White "Ruhlmann, Helene"]
[Black "Larino Nieto, David"]
[Result "0-1"]
[WhiteElo "1905"]
[BlackElo "2491"]
[EventDate "2017.04.08"]
[Board "3"]
[PlyCount "46"]
[EventRounds "9"]
[EventCountry "ESP"]

1. Nf3 b6 2. g3 Bb7 3. Bg2 g5 4. g4 h5 5. h3 hxg4 6. hxg4 Rxh1+ 7. Bxh1 d6
8. d4 Qc8 9. Bxg5 Qxg4 10. Kf1 Bh6 11. Bxh6 Nxh6 12. c4 Nd7 13. d5 Nf5 14.
Qd2 Ne5 15. Nxe5 dxe5 16. Qc2 O-O-O 17. Qe4 Qg5 18. Nc3 Rh8 19. e3 Nd6 20.
Qg2 Qh5 21. Kg1 Rh6 22. Ne4 Nxe4 23. Qxe4 Qh2+ 0-1

[Event "X Memorial Pedro Lezcano Montalvo 2017"]
[Site "Ateneo Mpal. de Vecindario-C/Colón, s/n (Gran Canaria)"]
[Date "2017.04.09"]
[Round "2"]
[White "Movsziszian, Karen"]
[Black "Ramirez Maillo, Juan Adonay"]
[Result "1-0"]
[WhiteElo "2483"]
[BlackElo "1922"]
[EventDate "2017.04.08"]
[Board "4"]
[PlyCount "59"]
[EventRounds "9"]
[EventCountry "ESP"]

1. g3 c5 2. Bg2 g6 3. d3 Bg7 4. f4 Nc6 5. Nf3 d6 6. O-O e6 7. e4 Nge7 8. c3
O-O 9. Be3 Rb8 10. d4 cxd4 11. cxd4 d5 12. e5 b5 13. Nbd2 Qb6 14. Nb3 Bd7
15. Nc5 Rfd8 16. Bf2 Na5 17. g4 Be8 18. Bh4 Bf8 19. b3 Rdc8 20. Rc1 Nec6
21. Bf2 Nb7 22. Nd3 b4 23. f5 a5 24. Be3 Na7 25. Qd2 Nb5 26. fxe6 fxe6 27.
Ng5 Bg7 28. Nc5 Nxc5 29. dxc5 Qa6 30. Nxe6 1-0

[Event "X Memorial Pedro Lezcano Montalvo 2017"]
[Site "Ateneo Mpal. de Vecindario-C/Colón, s/n (Gran Canaria)"]
[Date "2017.04.09"]
[Round "2"]
[White "Sosa Suarez, Carla Cristina"]
[Black "Castellanos Rodriguez, Renier"]
[Result "0-1"]
[WhiteElo "1896"]
[BlackElo "2482"]
[EventDate "2017.04.08"]
[Board "5"]
[PlyCount "182"]
[EventRounds "9"]
[EventCountry "ESP"]

1. e4 c5 2. Nf3 Nc6 3. d4 cxd4 4. Nxd4 Qb6 5. Nb3 Nf6 6. Nc3 e6 7. Be3 Qc7
8. Bd3 a6 9. O-O b5 10. f4 d6 11. a4 b4 12. Nb1 Be7 13. N1d2 O-O 14. Nc4
Rb8 15. Rc1 d5 16. e5 dxc4 17. exf6 Bxf6 18. Bxc4 Bxb2 19. Qe2 Bxc1 20.
Bxc1 Ne7 21. Bb2 Ng6 22. Bd3 Bb7 23. h4 Nxh4 24. Qg4 Ng6 25. Nd4 Rbd8 26.
f5 exf5 27. Nxf5 Bc8 28. Qxb4 Bxf5 29. Rxf5 Rb8 30. Qd4 Qb6 31. Qxb6 Rxb6
32. Bd4 Rb4 33. Bc5 Rxa4 34. Bxf8 Kxf8 35. Rh5 a5 36. Rxh7 Ne5 37. Rh8+ Ke7
38. Ra8 Ra2 39. Bb5 Kd6 40. Rc8 a4 41. c4 a3 42. c5+ Ke7 43. Re8+ Kf6 44.
c6 Rc2 45. Ra8 a2 46. c7 Rxc7 47. Rxa2 Kg5 48. Kf2 Ng4+ 49. Ke2 Re7+ 50.
Kd2 f5 51. Ra3 Rb7 52. Bc6 Rb2+ 53. Kc3 Re2 54. Kd4 Rd2+ 55. Kc3 Rd6 56.
Bb7 Ne3 57. Ra4 Nd5+ 58. Kc2 Nf4 59. Bf3 Ne6 60. Kc3 Kf6 61. Rc4 Ng5 62.
Rc6 Rxc6+ 63. Bxc6 Ke5 64. Kd3 Kf4 65. Ke2 Kg3 66. Ke3 Nf7 67. Kd4 f4 68.
Ke4 g5 69. Kf5 Kh4 70. Kf6 Nd6 71. Bd5 Nb5 72. Ke5 Kg3 73. Kf5 Kh4 74. Ke5
Nc3 75. Bf3 Nb1 76. Kf5 Nd2 77. Be2 Nb3 78. Ke4 Kg3 79. Bd1 Nc5+ 80. Kf5
Kh4 81. Be2 Nb7 82. Ke5 Nd8 83. Bc4 Nc6+ 84. Kf5 Nd4+ 85. Ke5 Nc2 86. Bd5
Ne3 87. Bb7 Kg3 88. Kf6 g4 89. Ke5 Nxg2 90. Kd4 Ne1 91. Be4 Kf2 0-1

[Event "X Memorial Pedro Lezcano Montalvo 2017"]
[Site "Ateneo Mpal. de Vecindario-C/Colón, s/n (Gran Canaria)"]
[Date "2017.04.09"]
[Round "2"]
[White "Alvarado Diaz, Alejandro"]
[Black "Alonso Valiente, Alexis"]
[Result "1-0"]
[WhiteElo "2415"]
[BlackElo "1918"]
[EventDate "2017.04.08"]
[Board "6"]
[PlyCount "59"]
[EventRounds "9"]
[EventCountry "ESP"]

1. Nf3 e6 2. g3 b6 3. Bg2 Bb7 4. O-O Nf6 5. c4 Be7 6. d4 d6 7. Nc3 O-O 8.
d5 e5 9. e4 Ne8 10. Ne1 f5 11. exf5 Rxf5 12. Nd3 Nd7 13. f4 exf4 14. Bxf4
Nc5 15. Nb4 Bg5 16. Qc2 g6 17. Ne2 Bxf4 18. Nxf4 Ng7 19. Nc6 Bxc6 20. dxc6
Qf6 21. Nd5 Qd4+ 22. Kh1 Rxf1+ 23. Rxf1 Nce6 24. Rd1 Qe5 25. Qd2 Rf8 26.
Re1 Qh5 27. b4 h6 28. Qc3 Qg5 29. h4 Qd8 30. Bh3 1-0

[Event "X Memorial Pedro Lezcano Montalvo 2017"]
[Site "Ateneo Mpal. de Vecindario-C/Colón, s/n (Gran Canaria)"]
[Date "2017.04.09"]
[Round "2"]
[White "Gil Ojeda, Jorge"]
[Black "Aguera Naredo, Javier"]
[Result "0-1"]
[WhiteElo "1862"]
[BlackElo "2354"]
[EventDate "2017.04.08"]
[Board "7"]
[PlyCount "88"]
[EventRounds "9"]
[EventCountry "ESP"]

1. e4 e5 2. Nf3 Nc6 3. Nc3 Nf6 4. d4 exd4 5. Nxd4 Bb4 6. Nxc6 bxc6 7. Bd3
d5 8. exd5 cxd5 9. O-O O-O 10. Qf3 c6 11. Bg5 Bd6 12. h3 Rb8 13. b3 Be5 14.
Bf4 Qd6 15. Bxe5 Qxe5 16. Rfe1 Qg5 17. Ne2 Bd7 18. Qg3 Qxg3 19. Nxg3 g6 20.
Re5 Rfe8 21. Rae1 Rxe5 22. Rxe5 Be6 23. f4 Nd7 24. Re1 Nc5 25. Be2 Kg7 26.
c3 a5 27. Bf1 Kf6 28. Re3 h5 29. h4 Bg4 30. Kf2 Ne6 31. Ne2 Bxe2 32. Bxe2
Nxf4 33. Rf3 Ke5 34. Re3+ Kd6 35. Rf3 Nxe2 36. Kxe2 f5 37. Kd3 Re8 38. Rg3
Re6 39. a4 c5 40. Kd2 Kc7 41. Kd3 Kc6 42. Kd2 Kd6 43. Kd3 Ke5 44. Ke3 f4+
0-1

[Event "X Memorial Pedro Lezcano Montalvo 2017"]
[Site "Ateneo Mpal. de Vecindario-C/Colón, s/n (Gran Canaria)"]
[Date "2017.04.09"]
[Round "2"]
[White "Derakhshani, Dorsa"]
[Black "Perez Perez, Gabriel"]
[Result "0-1"]
[WhiteElo "2351"]
[BlackElo "1899"]
[EventDate "2017.04.08"]
[Board "8"]
[PlyCount "136"]
[EventRounds "9"]
[EventCountry "ESP"]

1. e4 c5 2. Nf3 d6 3. d4 cxd4 4. Nxd4 Nf6 5. Nc3 a6 6. Be2 e6 7. O-O Be7 8.
Be3 Qc7 9. f4 Nc6 10. Qe1 Bd7 11. Qg3 g6 12. a4 b6 13. Rad1 O-O 14. Kh1
Nxd4 15. Bxd4 Bc6 16. Qe3 Nd7 17. Qh3 e5 18. Be3 exf4 19. Bxf4 Ne5 20. Bxe5
dxe5 21. Qh6 Bc5 22. Bc4 Kh8 23. Rf6 Be7 24. Rf3 Bc5 25. Rh3 f6 26. Qxg6
Be8 27. Qh6 Qg7 28. Qxg7+ Kxg7 29. Be6 Ra7 30. Rdd3 Bg6 31. Rdg3 Bd4 32.
Nd5 Bxb2 33. Bf5 b5 34. a5 Bc1 35. Rg4 Bg5 36. Bxg6 hxg6 37. Rhg3 Rh8 38.
Kg1 Rh4 39. Rxh4 Bxh4 40. Rf3 Bg5 41. Kf2 Rd7 42. g4 Rd6 43. Kg3 Bd2 44. c3
g5 45. Rd3 Bc1 46. Kf3 Kf7 47. Ke2 Rc6 48. Rf3 Rd6 49. Kd3 Ba3 50. Kc2 Rc6
51. Kb3 Be7 52. Rh3 Bd8 53. Rh7+ Ke8 54. Rh8+ Kd7 55. Rf8 Bxa5 56. Rf7+ Ke8
57. Rxf6 Rxf6 58. Nxf6+ Kf7 59. Nd7 Bc7 60. Kb4 Ke7 61. Nc5 Bd6 62. c4 bxc4
63. Kxc4 Bxc5 64. Kxc5 Ke6 65. h3 a5 66. Kb5 Kd6 67. Kxa5 Kc5 68. h4 gxh4
0-1

[Event "X Memorial Pedro Lezcano Montalvo 2017"]
[Site "Ateneo Mpal. de Vecindario-C/Colón, s/n (Gran Canaria)"]
[Date "2017.04.09"]
[Round "2"]
[White "Suarez Buceta, Melquiades"]
[Black "Gutierrez Olivares, Daniel"]
[Result "0-1"]
[WhiteElo "1842"]
[BlackElo "2336"]
[EventDate "2017.04.08"]
[Board "9"]
[PlyCount "100"]
[EventRounds "9"]
[EventCountry "ESP"]

1. d4 Nf6 2. c4 e6 3. Nc3 Bb4 4. Qc2 d6 5. Nf3 O-O 6. g3 Qe8 7. a3 Bxc3+ 8.
Qxc3 a5 9. Bg2 a4 10. O-O Nc6 11. Nd2 e5 12. e3 Bf5 13. b3 axb3 14. Nxb3
Ne4 15. Qb2 Ra4 16. f3 Nf6 17. e4 Bc8 18. d5 Nb8 19. c5 b6 20. cxb6 cxb6
21. Be3 Nbd7 22. Rfc1 Nc5 23. Nxc5 bxc5 24. Bf1 Ba6 25. Bxa6 Rxa6 26. Rcb1
h6 27. Qb3 Qd7 28. Qb7 Rfa8 29. Bc1 Qa4 30. Qb3 Qd7 31. Qb7 R8a7 32. Qb5
Ra4 33. Qb8+ Kh7 34. Rb6 Ne8 35. Rab1 Rc4 36. R6b5 Rc2 37. R5b2 Rc4 38. Qb5
Qxb5 39. Rxb5 f5 40. exf5 Nf6 41. Rb6 Nxd5 42. Rxd6 Nc3 43. Rb2 Rd4 44.
Rxd4 exd4 45. Rc2 Re7 46. Kf1 Rc7 47. Bb2 Nd5 48. Kf2 d3 49. Rc4 d2 50. Ke2
d1=Q+ 0-1

[Event "X Memorial Pedro Lezcano Montalvo 2017"]
[Site "Ateneo Mpal. de Vecindario-C/Colón, s/n (Gran Canaria)"]
[Date "2017.04.09"]
[Round "2"]
[White "Debray, Christopher"]
[Black "Estevez Hernandez, Cristo Manuel"]
[Result "1-0"]
[WhiteElo "2328"]
[BlackElo "1892"]
[EventDate "2017.04.08"]
[Board "10"]
[PlyCount "55"]
[EventRounds "9"]
[EventCountry "ESP"]

1. e4 c5 2. Nf3 d6 3. Bb5+ Nd7 4. O-O Nf6 5. Re1 e6 6. c3 a6 7. Bf1 Be7 8.
d4 O-O 9. e5 dxe5 10. dxe5 Nd5 11. c4 Nb4 12. Nc3 Qc7 13. a3 Nc6 14. Bf4
Rd8 15. Qc2 Nf8 16. Bg3 Ng6 17. h4 Nd4 18. Nxd4 cxd4 19. Ne4 Nxh4 20. Nf6+
gxf6 21. exf6 Bd6 22. Bxh4 Kh8 23. Bd3 Rg8 24. Bxh7 Rg4 25. Re4 e5 26. f3
Rxe4 27. Bxe4 Be6 28. Qd2 1-0

[Event "X Memorial Pedro Lezcano Montalvo 2017"]
[Site "Ateneo Mpal. de Vecindario-C/Colón, s/n (Gran Canaria)"]
[Date "2017.04.09"]
[Round "2"]
[White "Suarez Ramirez, Jonay"]
[Black "Meneses Gonzalez, Kevin Moises"]
[Result "0-1"]
[WhiteElo "1823"]
[BlackElo "2310"]
[EventDate "2017.04.08"]
[Board "11"]
[PlyCount "54"]
[EventRounds "9"]
[EventCountry "ESP"]

1. d4 d5 2. c4 c6 3. Nc3 Nf6 4. e3 e6 5. Bd2 Nbd7 6. Rc1 dxc4 7. Bxc4 b5 8.
Bd3 Bb7 9. Nf3 a6 10. a4 Be7 11. O-O O-O 12. Qe2 Qb6 13. a5 Qd8 14. Ne4 c5
15. Nxc5 Bxc5 16. dxc5 Bxf3 17. gxf3 Ne5 18. Bb1 Qxd2 19. Qxd2 Nxf3+ 20.
Kg2 Nxd2 21. Rfd1 Nb3 22. Rc3 Nxa5 23. b3 Nd5 24. Rcd3 Rac8 25. Rc1 Rc7 26.
Kf3 f5 27. Ba2 b4 0-1